MARC details
| 000 -CABECERA |
| campo de control de longitud fija |
00991cam a2200277 a 4500 |
| 001 - NÚMERO DE CONTROL |
| campo de control |
000007327 |
| 005 - FECHA Y HORA DE LA ÚLTIMA TRANSACCIÓN |
| campo de control |
20200929154132.0 |
| 008 - DATOS DE LONGITUD FIJA--INFORMACIÓN GENERAL |
| campo de control de longitud fija |
020606s1945 ag 000 0 spa d |
| 040 ## - FUENTE DE LA CATALOGACIÓN |
| Centro catalogador/agencia de origen |
DO-SdBNP |
| Centro/agencia transcriptor |
DLC |
| Centro/agencia modificador |
BNPHU |
| 041 17 - CÓDIGO DE LENGUA |
| Código de lengua del texto/banda sonora o título independiente |
spa |
| Código de lengua original |
ger |
| Fuente del código |
Código de idioma MARC |
| 043 ## - CÓDIGO DE ÁREA GEOGRÁFICA |
| Código de área geográfica |
e-sp--- |
| 082 ## - NÚMERO DE LA CLASIFICACIÓN DECIMAL DEWEY |
| Número de clasificación |
909.04924046 |
| Número de documento/Ítem |
M322e |
| 049 ## - FONDOS LOCALES (OCLC) |
| Fondos de biblioteca |
BNGR |
| 100 1# - ENTRADA PRINCIPAL--NOMBRE DE PERSONA |
| Nombre de persona |
Marcu, Valeriu, |
| Fechas asociadas al nombre |
1899-1942. |
| 9 (RLIN) |
20372 |
| 240 10 - TÍTULO UNIFORME |
| Título uniforme |
[Vertreibung der Juden aus Spanien]. |
| Lenguaje de la obra |
Spanish |
| 245 13 - MENCIÓN DE TÍTULO |
| Título |
La expulsión de los judios de España / |
| Mención de responsabilidad, etc. |
Valeriu Marcu ; traducción de Sigifredo Krebs. |
| 260 ## - PUBLICACIÓN, DISTRIBUCIÓN, ETC. |
| Lugar de publicación, distribución, etc. |
Buenos Aires : |
| Nombre del editor, distribuidor, etc. |
M. Gleizer, |
| Fecha de publicación, distribución, etc. |
1945. |
| 300 ## - DESCRIPCIÓN FÍSICA |
| Extensión |
187, [4] p. ; |
| Dimensiones |
28 cm. |
| 650 #4 - PUNTO DE ACCESO ADICIONAL DE MATERIA--TÉRMINO DE MATERIA |
| Término de materia o nombre geográfico como elemento de entrada |
Judíos en españa |
| 9 (RLIN) |
20373 |
| 650 #4 - PUNTO DE ACCESO ADICIONAL DE MATERIA--TÉRMINO DE MATERIA |
| Término de materia o nombre geográfico como elemento de entrada |
Marranos (judíos) |
| Subdivisión geográfica |
España |
| -- |
Ciudad Real |
| Subdivisión general |
Historia |
| 9 (RLIN) |
20374 |
| 650 #4 - PUNTO DE ACCESO ADICIONAL DE MATERIA--TÉRMINO DE MATERIA |
| Término de materia o nombre geográfico como elemento de entrada |
Persecuciones a los judios |
| 9 (RLIN) |
20375 |
| 650 #4 - PUNTO DE ACCESO ADICIONAL DE MATERIA--TÉRMINO DE MATERIA |
| Término de materia o nombre geográfico como elemento de entrada |
Judíos |
| Subdivisión general |
Historia |
| 9 (RLIN) |
7449 |
| 650 #4 - PUNTO DE ACCESO ADICIONAL DE MATERIA--TÉRMINO DE MATERIA |
| Término de materia o nombre geográfico como elemento de entrada |
Inquisición |
| Subdivisión geográfica |
España |
| -- |
Ciudad Real |
| Subdivisión general |
Historia |
| 9 (RLIN) |
20376 |
| 700 1# - PUNTO DE ACCESO ADICIONAL--NOMBRE DE PERSONA |
| Nombre de persona |
Krebs, Sigifredo, |
| Término indicativo de función/relación |
tr. |
| 9 (RLIN) |
20377 |
| 910 ## - DATOS DE OPCIÓN DEL USUARIO (OCLC) |
| Datos de opción del usuario |
Catalogación derivada |